000 00465nam a22001817a 4500
003 MPLRDC
005 20220104125005.0
008 210129b ||||| |||| 00| 0 eng d
020 _a7-213-02364-0
082 _a790.4 LJY
100 _a李缙云、于炳文 主编
245 _a文物收藏图解辞典
_c
250 _a一版一刷
260 _a中国
_b浙江人民出版社
_c2004
300 _b683
650 _a古器物辞典
942 _cBK
_o790.4 LJY
999 _c23761
_d23751